000 00846nam a2200229 a 4500
008
049 _aMAIN
090 _aZ764.7
_bINF
245 0 _aInformation resource sharing and networking
_b(1990-1992 :
_cArusha and Mombasa) /
_cedited by Augustes Musana.
260 _aBonn :
_bZentralstelle fur Erziehung, Wissenschaft Dokumentation,
_c1991.
300 _a91 p. :ill.,
_c21 cm.
500 _aReport on two training courses held in Arusha 22 Oct. -2 Nov. 1990, Mombasa 15 - 26 April 1991.
650 _aLibrary cooperation.
650 _aInformation networks.
700 _aMusana, Augustes
711 _aEastern and Southern African Management Institute.
907 _a.b10104732
_b04-06-15
_c18-12-03
003
005 20230123133552.0
040 _cNUST
942 _cBOOKS
_kZ764.7
_mINF
999 _c150860
_d150860